The minimum wage as a tool for racial economic justice (Record no. 525264)

000 -LEADER
fixed length control field 01171nam a22001457a 4500
008 - FIXED-LENGTH DATA ELEMENTS--GENERAL INFORMATION
fixed length control field 240220b ||||| |||| 00| 0 eng d
100 ## - MAIN ENTRY--PERSONAL NAME
Personal name Smythe, Andria and Hsu, Linchi
245 ## - TITLE STATEMENT
Title The minimum wage as a tool for racial economic justice
260 ## - PUBLICATION, DISTRIBUTION, ETC. (IMPRINT)
Place of publication, distribution, etc Journal of Economic Literature
300 ## - PHYSICAL DESCRIPTION
Extent 61(3), Sep, 2023: p. 977-987
520 ## - SUMMARY, ETC.
Summary, etc Participants at the 1963 civil rights march on Washington supported minimum wage laws using arguments of economic justice. Many economists at the time argued against the minimum wage based on efficiency concerns rooted in neoclassical theory. After decades of debate, where does the economics profession stand on the justice and efficiency claims of the minimum wage? We discuss the evolution of the minimum wage literature in economics, focusing on racial justice. We highlight recent empirical papers that overwhelmingly support the position of the marchers on Washington while at the same time showing little to no loss of economic efficiency. – Reproduced

https://www.aeaweb.org/articles?id=10.1257/jel.20221709
773 ## - HOST ITEM ENTRY
Main entry heading Journal of Economic Literature
906 ## - LOCAL DATA ELEMENT F, LDF (RLIN)
Subject DIP RACE DISCRIMINATION
942 ## - ADDED ENTRY ELEMENTS (KOHA)
Item type Articles
Holdings
Withdrawn status Lost status Source of classification or shelving scheme Damaged status Not for loan Permanent location Current location Date acquired Serial Enumeration / chronology Barcode Date last seen Koha item type
          Indian Institute of Public Administration Indian Institute of Public Administration 2024-02-20 61(3), Sep, 2023: p. 977-987 AR131072 2024-02-20 Articles

Powered by Koha